| 000 | 00394pam a2200169 a 4500 | ||
|---|---|---|---|
| 020 | _c | ||
| 041 | _h | ||
| 082 | _a641.5941 | ||
| 100 |
_aDEBI STARON, _eAuthor |
||
| 245 |
_aCHRISTMAS STYLE _cDEBI STARON, _hTextual Documents |
||
| 250 | _a1st | ||
| 260 |
_alondon _bDORLING KINDERSLEY |
||
| 300 | _a189 | ||
| 653 | _afood production | ||
| 700 |
_aBOB PRANGA _eCo-Author |
||
| 930 | _a736 | ||
| 999 |
_c243352 _d243352 |
||